Personnel management in the 21st century / (Record no. 17951)
[ view plain ]
| 000 -LEADER | |
|---|---|
| fixed length control field | 00657nam a22002417a 4500 |
| 003 - CONTROL NUMBER IDENTIFIER | |
| control field | OSt |
| 005 - DATE AND TIME OF LATEST TRANSACTION | |
| control field | 20140311161020.0 |
| 008 - FIXED-LENGTH DATA ELEMENTS--GENERAL INFORMATION | |
| fixed length control field | 130206t xxu||||| |||| 00| 0 eng d |
| 020 ## - INTERNATIONAL STANDARD BOOK NUMBER | |
| International Standard Book Number | 9712337243 |
| 050 ## - LIBRARY OF CONGRESS CALL NUMBER | |
| Classification number | HF 5549.2.P6 |
| Item number | .Si83 2003 |
| 100 ## - MAIN ENTRY--PERSONAL NAME | |
| Personal name | Simon, Perfecto S. |
| 245 ## - TITLE STATEMENT | |
| Title | Personnel management in the 21st century / |
| Statement of responsibility, etc | revised by Ranulfo P. Payos and Orlando S. Zorilla |
| 250 ## - EDITION STATEMENT | |
| Edition statement | 7th ed. |
| 260 ## - PUBLICATION, DISTRIBUTION, ETC. (IMPRINT) | |
| Place of publication, distribution, etc | Manila : |
| Name of publisher, distributor, etc | Rex Book Store, |
| Date of publication, distribution, etc | 2003. |
| 300 ## - PHYSICAL DESCRIPTION | |
| Extent | 218 p. : |
| Dimensions | 26 cm. |
| Other physical details | ill. ; |
| 521 ## - TARGET AUDIENCE NOTE | |
| Target audience note | |
| 562 ## - COPY AND VERSION IDENTIFICATION NOTE | |
| Number of copies | 3 |
| 650 ## - SUBJECT ADDED ENTRY--TOPICAL TERM | |
| Topical term or geographic name as entry element | 1. Personnel Management. |
| 942 ## - ADDED ENTRY ELEMENTS (KOHA) | |
| Source of classification or shelving scheme | Library of Congress Classification |
| Koha item type | Books |
| Call number prefix | Local |
| Withdrawn status | Lost status | Source of classification or shelving scheme | Damaged status | Home library | Current library | Shelving location | Date acquired | Total Checkouts | Full call number | Barcode | Date last seen | Copy number | Price effective from | Koha item type | Total Renewals | Date checked out |
|---|---|---|---|---|---|---|---|---|---|---|---|---|---|---|---|---|
| Library of Congress Classification | College Library | College Library | General Circulation Section | 12/06/2013 | HF 5549.2.P6 .Si83 2003 | C5488 | 05/15/2018 | 1 | 12/06/2013 | Books | ||||||
| Library of Congress Classification | College Library | College Library | General Circulation Section | 12/06/2013 | 1 | HF 5549.2.P6 .Si83 2003 | C5569 | 05/15/2018 | 3 | 12/06/2013 | Books | 2 | 07/25/2016 |